| 000 | 01326nam0a2200325 4500 | ||
|---|---|---|---|
| 001 | RU\NLR\bibl\1522527 | ||
| 005 | 20250616031140.0 | ||
| 010 |
_a978-5-94321-181-2 _9500 |
||
| 021 |
_aRU _b2010-35026 _92345 |
||
| 035 | _a(NLR Aleph) 001513884 | ||
| 090 |
_a97774 _c97774 |
||
| 100 | _a20100610d2010 |||y0rusy50 ca | ||
| 101 | 0 | _arus | |
| 102 | _aRU | ||
| 105 | _aa ||||||||| | ||
| 200 | 1 |
_aСогласование экологических и экономических интересов: институциональный подход _eмонография _fСафонова О.Н. _gГос. образоват. учреждение высш. проф. образования "Пенз. гос. пед. ун-т им. В.Г. Белинского" |
|
| 210 |
_aПенза _cИзд-во ПГПУ _d2010 |
||
| 215 |
_a127 с. _cил. _d21 |
||
| 320 | _aБиблиогр.: с. 111-122 (184 назв.) | ||
| 606 | 1 |
_aЭкономические интересы _xУправление _92433691 _3RU\NLR\auth\661448359 |
|
| 686 | _aУ010.038 | ||
| 686 | _aУ010.064 | ||
| 700 | 1 |
_aСафонова _bО. Н. _gОлеся Николаевна _4070 |
|
| 801 | 0 |
_aRU _bNLR _c20100610 _gRCR |
|
| 801 | 1 |
_aRU _bNLR _c20100610 |
|
| 830 | _aавт. по кн. | ||
| 942 | _cBOOK | ||
| 980 | _aNB | ||
| 980 | _aNBR | ||